| 000 -LEADER |
| fixed length control field |
00736nam a2200217 a 4500 |
| 003 - CONTROL NUMBER IDENTIFIER |
| control field |
BD-DhUAP |
| 005 - DATE AND TIME OF LATEST TRANSACTION |
| control field |
20200218154651.0 |
| 008 - FIXED-LENGTH DATA ELEMENTS--GENERAL INFORMATION |
| fixed length control field |
200218s1997 nyua 000 0 eng d |
| 040 ## - CATALOGING SOURCE |
| Original cataloging agency |
BD-DhAAL |
| Transcribing agency |
BD-DhAAL |
| Modifying agency |
BD-DhUAP |
| Language of cataloging |
Eng |
| 082 00 - DEWEY DECIMAL CLASSIFICATION NUMBER |
| Classification number |
363.73392 GLO |
| Edition number |
23 |
| 245 10 - TITLE STATEMENT |
| Title |
Global environmental management : |
| Remainder of title |
candid views of fortune 500 companies / |
| Statement of responsibility, etc. |
prepared by Riva Krut and Carol |
| 260 ## - PUBLICATION, DISTRIBUTION, ETC. |
| Place of publication, distribution, etc. |
New York : |
| Name of publisher, distributor, etc. |
USAID, |
| Date of publication, distribution, etc. |
c1997. |
| 300 ## - PHYSICAL DESCRIPTION |
| Extent |
vii, 90 pages : |
| Other physical details |
illustrations ; |
| Dimensions |
29 cm. |
| 650 #0 - SUBJECT ADDED ENTRY--TOPICAL TERM |
| Topical term or geographic name entry element |
Global Environmental Monitoring System. |
| 700 1# - ADDED ENTRY--PERSONAL NAME |
| Personal name |
Krut, Riva. |
| 700 1# - ADDED ENTRY--PERSONAL NAME |
| Personal name |
Drummond, Carol. |
| 710 2# - ADDED ENTRY--CORPORATE NAME |
| Corporate name or jurisdiction name as entry element |
United States Asia Environmental Partnership. |
| 942 ## - ADDED ENTRY ELEMENTS (KOHA) |
| Source of classification or shelving scheme |
|
| Koha item type |
Book |